000
00314nam a2200145Ia 4500
005
20251222175915.0
008
251222s9999||||xx |||||||||||||| ||spa||
020
_a
8497054040
082
_a
863/N94
100
_a
Núñez Gómez, Ángel
245
0
_a
Alarma
250
_a
1ra.ed.
264
_b
UPV
942
_c
LIB
999
_c
40469
_d
40469